Southeast Asian geography groups - Statistics

General Stats
  • This quiz has been taken 86 times
  • The average score is 22 of 30
Answer Stats
Hint Answer % Correct
Cambodia
99%
Indonesia
99%
o Lao
99%
Vietnam
99%
O Malay
97%
Malaysia
97%
Myanmar
97%
Thai
97%
East Timor
96%
Singapore
95%
Thailand
95%
Laos
94%
Philippines
94%
Brunei
92%
O Mandarin
86%
Buddhism
82%
Ol English
82%
Vietnamese
79%
Islam
75%
O Khmer
75%
Ol Filipino
74%
Hinduism
69%
o Indonesian
58%
Official languages Burmese
55%
Tamil
52%
Portuguese
43%
Christmas Island
13%
Andaman and Nicobar Islands
9%
Cocos Islands
9%
Tetum
9%
No matching quizzes found
Score Distribution
Percent of People with Each Score
Percentile by Number Answered
Your Score History
You have not taken this quiz